Marshall Alumni - Statistics

General Stats
  • This quiz has been taken 9 times
  • The average score is 5 of 13
Answer Stats
Hint Answer % Correct
Hall of Fame wide receiver who played most notably for the Minnesota Vikings and New England Patriots Randy Moss
88%
Basketball head coach at Marshall from 2014 to 2024 Dan D'Antoni
50%
Former NBA head coach of the Houston Rockets, Los Angeles Lakers, New York Knicks, Denver Nuggets and Phoenix Suns Mike D'Antoni
50%
Actor, "The Lord of the Rings" "Child's Play" "One Flew Over the Cuckoo's Nest" Brad Dourif
38%
Former center who played most notably for the Miami Heat Hassan Whiteside
38%
Governor of West Virginia from 2017 to 2025 and Senator from West Virginia since 2025 Jim Justice
38%
Senator from West Virginia from 1959 until his death in 2010 Robert Byrd
38%
Actress best known for her role as Berta in "Two and a Half Men" Conchata Ferrell
25%
Governor of Wesr Virginia from 2011 to 2017 Earl Ray Tomblin
25%
Hall of Fame shooting guard who played for the Syracuse Nationals/Philadelphia 76ers Hal Greer
25%
Actor, "21 Jump Street" "Stranger Things" Joe Chrest
25%
Former defensive end who played most notably for the Philadelphia Eagles Vinny Curry
25%
Actor, "The Morning Show" "Almost Famous" "Watchmen" Billy Crystal
13%
No matching quizzes found
Score Distribution
Percent of People with Each Score
Percentile by Number Answered
Your Score History
You have not taken this quiz